| 000 | 01030nam a2200289 a 4500 | ||
|---|---|---|---|
| 005 | 20020910200147.0 | ||
| 008 | 970521s1998 nyua 001 0 eng | ||
| 010 | _aENG-91765 | ||
| 020 |
_a9780070667440 _c375.00 |
||
| 020 |
_a0070667446 _c375.00 |
||
| 035 | _aEN-75298 | ||
| 037 | _bDBAD / PUB | ||
| 040 |
_adpl _bEnglish |
||
| 082 | _a572 | ||
| 245 |
_aSchaum's outline of theory and problems of biochemistry / _cPhilip W. Kuchel ... [et al.]. |
||
| 246 | _aBiochemistry | ||
| 250 | _a2nd ed. | ||
| 260 |
_aNew Delhi _bTata McGraw-Hill Publsihing _c2009 |
||
| 300 |
_aVarious pagings _bill. ; _c28 cm (pbk) |
||
| 490 | _aSchaum's outline series | ||
| 500 | _aIncludes index. | ||
| 650 |
_aBiochemistry _xOutlines, syllabi, etc. |
||
| 650 |
_aBiochemistry _xExaminations, questions, etc. |
||
| 700 | _aKuchel, Philip W. | ||
| 942 |
_2ddc _cEN _h572 _mSCH |
||
| 999 |
_c19024 _d19024 |
||